000 01294nam a22002657a 4500
005 2008081907107.0
008 080819t xxu||||| |||| 00| f hin d
010 _aHIN-83971
020 _c150.00
035 _aHN-56317
037 _aDBAD / PUB
040 _aDPL
_bHN
082 _a
100 _aशाद अज़ीमाबादी
245 _aपीर अलीः
_bउपन्यास /
_cशाद अज़ीमाबादी ; नक़ी अहमद इरशाद द्वारा संकलित
246 _aPiira Alii
_bby Shaad Aziimaabaadii
260 _aपटना
_bख़ुदा बक्श ओरिएन्टल पब्लिक लाइब्रेरी
_c2007
270 _aख़ुदा बक्श ओरिएन्टल पब्लिक लाइब्रेरी
_bपटना
_e4
300 _a120पृ
_c22सेमी (अजिल्द)
650 _aहिन्दी कथा साहित्य
650 _aHindi fiction
700 _aनक़ी अहमद इरशाद
942 _2ddc
_cHN
_h
_mशादअ
999 _c14913
_d14913